Frontiers in education : advances, issues and new perspectives: a book in honour of Rev. Prof. Christian Anieke on the occasion of his 50th birthday
Saved in:
| Main Author: | |
|---|---|
| Format: | Book |
| Language: | English |
| Published: |
:ABIC Books & Equip
2015
|
| Tags: |
Add Tag
No Tags, Be the first to tag this record!
|
MARC
| LEADER | 00000nam a22000007a 4500 | ||
|---|---|---|---|
| 008 | 211025b ||||| |||| 00| 0 eng d | ||
| 020 | |a 978-022-271-5 | ||
| 100 | |a NJOKU, Mary Gloria C. | ||
| 245 | |a Frontiers in education |b : advances, issues and new perspectives: a book in honour of Rev. Prof. Christian Anieke on the occasion of his 50th birthday |c / Mary Gloria C. Njoku, Christian C. Anieke, [and] Patrick J. McDevitt |g xii, 321p.; ill. | ||
| 260 | |b :ABIC Books & Equip |c 2015 |h Nigeria: |i 691717 |l LA1633 .N65 |m Education, Higher – Nigeria |m Education, Secondary – Nigeria. | ||
| 500 | |a “It includes references and index”. | ||
| 942 | |a lcc |c BK |e j. o. ifatola |f 25/ 10/ 2021 | ||
| 952 | |0 0 |1 0 |2 lcc |4 0 |6 LA1633 N65 |7 0 |9 3669 |a HOL |b HOL |c LP |d 2021-10-25 |l 0 |o LA1633 .N65 |p 2021-67405 |r 2021-10-25 00:00:00 |w 2021-10-25 |y BK | ||
| 999 | |c 1823 |d 1823 | ||